| 000 | 00587nam a2200229Ia 4500 | ||
|---|---|---|---|
| 008 | 160404s9999 xx 000 0 und d | ||
| 020 | _a971-27-1444-6 | ||
| 050 | _aFIL TX 652 | ||
| 050 | _b.B37 2004 | ||
| 100 | _aBarrera, Vicky Veloso - | ||
| 245 | _aFrom Vicky's kitchen : | ||
| 245 | _bedible gifts to share, sell, enjoy / | ||
| 245 | _cVicky Veloso - Barrera. | ||
| 260 | _aPasig City: | ||
| 260 | _bAnvil Pub. Inc., | ||
| 260 | _c2004 | ||
| 300 | _a143 pages : | ||
| 300 | _billustrations ; | ||
| 300 | _c18 cm. | ||
| 500 | _aIncludes index. | ||
| 650 | _aCookery. | ||
| 999 |
_c293134 _d293134 |
||